[Event "Horst-Emscher - Godesberg"]
[Site "?"]
[Date "2024.02.18"]
[Round "6.3"]
[White "Wigger, Jochen"]
[Black "Rebentisch, Tom"]
[Result "0-1"]
[WhiteElo "2322"]
[BlackElo "2154"]
[PlyCount "50"]
[EventDate "2024.??.??"]
[SourceVersionDate "2023.09.04"]

1. d4 d5 2. Nf3 Nf6 3. g3 e6 4. Bg2 Be7 5. O-O O-O 6. c4 Nbd7 7. b3 c6 8. Bb2 b6 9. Nbd2 Bb7 10. Rc1 Rc8 11. Qc2 c5 12. dxc5 Bxc5 13. Qb1 Qe7 14. Nd4 Rfd8 15. Nb5 a6 16. Nc3 Nf8 17. cxd5 exd5 18. Qd3 b5 19. Ncb1 Ne6 20. Nf3 d4 21. Nbd2 Nd5 22. Qb1 Nc3 23. Bxc3 dxc3 24. Ne4 c2 25. Qxc2 Ba3 0-1

[Event "Horst-Emscher - Godesberg"]
[Site "?"]
[Date "2024.02.18"]
[Round "6.4"]
[White "Buschmann, Andreas"]
[Black "Brandt, Sebastian"]
[Result "1-0"]
[WhiteElo "2082"]
[BlackElo "2210"]
[PlyCount "67"]
[EventDate "2024.??.??"]
[SourceVersionDate "2023.09.04"]

1. d4 e6 2. c4 b6 3. Nf3 Bb7 4. g3 f5 5. Bg2 Nf6 6. O-O Be7 7. Nc3 d6 8. d5 exd5 9. cxd5 O-O 10. Nd4 Qd7 11. Qd3 Ng4 12. Bf4 Ne5 13. Qc2 Na6 14. a3 g6 15. b4 Bf6 16. Rac1 Nc4 17. Ne6 Nxa3 18. Nxf8 Rxf8 19. Qb3 Nb5 20. Qa4 Bxc3 21. Rxc3 Qg7 22. Rc2 Nc3 23. Qb3 Ne4 24. Qc4 Re8 25. Ra2 Qd7 26. Rfa1 b5 27. Qd4 Qc8 28. Bh6 Re5 29. f4 Re7 30. Bxe4 fxe4 31. Rxa6 Bxa6 32. Rxa6 Qxa6 33. Qf6 Qa4 34. Qf8# 1-0

[Event "Horst-Emscher - Godesberg"]
[Site "?"]
[Date "2024.02.18"]
[Round "6.5"]
[White "Rybarczyk, Klaus"]
[Black "Weichert, Eddy"]
[Result "1/2-1/2"]
[WhiteElo "2132"]
[BlackElo "1990"]
[PlyCount "78"]
[EventDate "2024.??.??"]
[SourceVersionDate "2023.09.04"]

1. Nf3 d5 2. c4 e6 3. g3 Nf6 4. Bg2 Be7 5. O-O O-O 6. b3 c6 7. Bb2 Nbd7 8. Qc2 b6 9. d3 Bb7 10. Nbd2 c5 11. cxd5 Nxd5 12. a3 Bf6 13. Ne4 Bxb2 14. Qxb2 N7f6 15. Ned2 Ne7 16. b4 Rc8 17. b5 Ng6 18. Nc4 Qc7 19. a4 Bd5 20. a5 Rfe8 21. axb6 axb6 22. Ra6 Bxc4 23. dxc4 e5 24. Rfa1 e4 25. Ne1 h5 26. Nc2 Ng4 27. R1a3 Rcd8 28. Qc1 h4 29. Bh3 Nf6 30. Ne3 Qd6 31. Ra1 hxg3 32. hxg3 Nh5 33. Nf5 Qe5 34. Qg5 Nf6 35. Qe3 Ne7 36. Nxe7+ Rxe7 37. Ra8 Ree8 38. R8a7 Rd6 39. R1a4 Red8 1/2-1/2

[Event "Horst-Emscher - Godesberg"]
[Site "?"]
[Date "2024.02.18"]
[Round "6.6"]
[White "Goeldenboog, Juergen"]
[Black "Broehl, Stephan"]
[Result "0-1"]
[WhiteElo "1935"]
[BlackElo "2139"]
[PlyCount "46"]
[EventDate "2024.??.??"]
[SourceVersionDate "2023.09.04"]

1. d4 d5 2. c4 c6 3. Nf3 Nf6 4. Nc3 dxc4 5. e4 b5 6. Bg5 b4 7. Bxf6 bxc3 8. Be5 cxb2 9. Rb1 Qa5+ 10. Qd2 c3 11. Qc2 e6 12. d5 Bb4 13. Nd4 Qxa2 14. Kd1 O-O 15. Bxb8 Rxb8 16. Nxc6 Rb6 17. Bd3 exd5 18. Nxb4 Rxb4 19. Qxc3 Rb3 20. Qc2 Bg4+ 21. f3 Rc8 22. fxg4 Rxc2 23. Kxc2 Qa3 0-1

[Event "Horst-Emscher - Godesberg"]
[Site "?"]
[Date "2024.02.18"]
[Round "6.7"]
[White "Stenzel, Thomas"]
[Black "Arndt, Olaf"]
[Result "1-0"]
[WhiteElo "2172"]
[BlackElo "1882"]
[PlyCount "99"]
[EventDate "2024.??.??"]
[SourceVersionDate "2023.09.04"]

1. e4 d5 2. exd5 Nf6 3. Bb5+ Bd7 4. Bc4 Bg4 5. f3 Bc8 6. Nc3 Nbd7 7. Nge2 Nb6 8. Bb5+ Bd7 9. Bxd7+ Qxd7 10. d4 Nbxd5 11. Nxd5 Qxd5 12. Qd3 O-O-O 13. O-O e5 14. Qf5+ Nd7 15. b3 g6 16. Qe4 Qa5 17. c3 f5 18. Qc2 Qb6 19. Kh1 Bg7 20. Bg5 Rde8 21. Rac1 h6 22. Bh4 e4 23. fxe4 Rxe4 24. Bf2 Rhe8 25. Ng3 R4e7 26. Qd2 Qd6 27. Rfe1 f4 28. Rxe7 Rxe7 29. Ne2 g5 30. c4 Qe6 31. Nc3 Qg4 32. h3 Qh5 33. Qd1 Qe8 34. Qf3 a6 35. c5 Nf6 36. d5 Ne4 37. d6 Nxf2+ 38. Qxf2 Re5 39. Rd1 Qc6 40. b4 f3 41. Qxf3 Qxf3 42. gxf3 cxd6 43. cxd6 Kd7 44. Ne4 b6 45. a4 Re6 46. a5 Bf8 47. axb6 Kc6 48. b7 Re8 49. d7 Rd8 50. b8=Q 1-0

[Event "Horst-Emscher - Godesberg"]
[Site "?"]
[Date "2024.02.18"]
[Round "6.8"]
[White "Rydzewski, Klaus"]
[Black "Kutzner, Stephen"]
[Result "0-1"]
[WhiteElo "2091"]
[BlackElo "2025"]
[PlyCount "60"]
[EventDate "2024.??.??"]
[SourceVersionDate "2023.09.04"]

1. e4 c5 2. c3 d5 3. exd5 Qxd5 4. d4 Nc6 5. Nf3 Bf5 6. Be3 cxd4 7. cxd4 Bxb1 8. Qxb1 e5 9. Bd3 Bb4+ 10. Kf1 exd4 11. Be4 Qb5+ 12. Bd3 Qb6 13. Bg5 Nge7 14. a3 Bd6 15. b4 h6 16. Bc1 Ne5 17. Nxe5 Bxe5 18. g3 O-O 19. Kg2 Rad8 20. Re1 Qf6 21. Bb2 Nd5 22. Qd1 Qd6 23. Qg4 Rfe8 24. Rad1 Nf6 25. Qh4 Qd5+ 26. f3 Qb3 27. Rd2 a6 28. f4 Qd5+ 29. Kf2 Bb8 30. Rde2 Re3 0-1

[Event "Bünde - Oberhausen"]
[Site "?"]
[Date "2024.02.18"]
[Round "6.1"]
[White "Becker, Marcel"]
[Black "Brunke, Pascal"]
[Result "0-1"]
[WhiteElo "2306"]
[BlackElo "2256"]
[PlyCount "40"]
[EventDate "2024.??.??"]
[SourceVersionDate "2023.09.04"]

1. d4 d5 2. c4 e6 3. Nf3 Nf6 4. Nc3 Be7 5. Bf4 O-O 6. e3 b6 7. Bd3 dxc4 8. Bxc4 Ba6 9. Bxa6 Nxa6 10. Qa4 Nb4 11. O-O Nbd5 12. Nxd5 Nxd5 13. Bg3 c5 14. Rfd1 Qe8 15. Qxe8 Rfxe8 16. Rac1 Red8 17. dxc5 Bxc5 18. a3 Rac8 19. Ne5 f6 20. Nd3 Nxe3 0-1

[Event "Bünde - Oberhausen"]
[Site "?"]
[Date "2024.02.18"]
[Round "6.2"]
[White "Nordsieck, Thomas"]
[Black "Montignies, Rainer"]
[Result "1/2-1/2"]
[WhiteElo "2305"]
[BlackElo "2278"]
[PlyCount "73"]
[EventDate "2024.??.??"]
[SourceVersionDate "2023.09.04"]

1. c4 c5 2. g3 g6 3. Bg2 Bg7 4. Nc3 Nc6 5. Nf3 d6 6. O-O e6 7. a3 Nge7 8. b4 O-O 9. Bb2 b6 10. Qb3 Bb7 11. d3 Qd7 12. Rad1 Rac8 13. Nb5 e5 14. e3 Rfd8 15. d4 cxd4 16. exd4 a6 17. Nc3 Nxd4 18. Nxd4 Bxg2 19. Kxg2 exd4 20. Nd5 Nxd5 21. cxd5 Qf5 22. Bxd4 Bxd4 23. Rxd4 Re8 24. Rf4 Qe5 25. Rf3 Qe4 26. Rd1 Qe2 27. Qd3 Rc2 28. Qxe2 Rexe2 29. Rd4 Kg7 30. h4 h5 31. Rdf4 f5 32. Rd4 Kf6 33. Rdd3 Red2 34. Rxd2 Rxd2 35. Rc3 Rxd5 36. Rc6 b5 37. Rxa6 1/2-1/2

[Event "Bünde - Oberhausen"]
[Site "?"]
[Date "2024.02.18"]
[Round "6.3"]
[White "Alkhazashvili, Ololi"]
[Black "Brunke, Christian"]
[Result "1-0"]
[WhiteElo "2180"]
[BlackElo "2151"]
[PlyCount "65"]
[EventDate "2024.??.??"]
[SourceVersionDate "2023.09.04"]

1. e4 e5 2. Nf3 d6 3. d4 Nf6 4. Nc3 Nbd7 5. Bc4 Be7 6. O-O c6 7. Re1 Qc7 8. Bf1 O-O 9. Bg5 Re8 10. Qd2 Nf8 11. h3 Ne6 12. Bh4 Nh5 13. Bxe7 Rxe7 14. Rad1 Nhf4 15. d5 cxd5 16. exd5 Nf8 17. Nxe5 Nxh3+ 18. gxh3 Rxe5 19. Rxe5 dxe5 20. Qe3 Bd7 21. d6 Qa5 22. a3 Ng6 23. Nd5 Qd8 24. c4 f5 25. c5 f4 26. Qb3 Kh8 27. Qxb7 Rb8 28. Qc7 Qg5+ 29. Kh1 Rxb2 30. Qxd7 h5 31. Ne7 Rxf2 32. Qe8+ Kh7 33. Qxg6+ 1-0

[Event "Bünde - Oberhausen"]
[Site "?"]
[Date "2024.02.18"]
[Round "6.4"]
[White "Brosig, Boris"]
[Black "Mancic, Ivan"]
[Result "1-0"]
[WhiteElo "2214"]
[BlackElo "2151"]
[PlyCount "91"]
[EventDate "2024.??.??"]
[SourceVersionDate "2023.09.04"]

1. e4 c5 2. Nc3 e6 3. d4 cxd4 4. Qxd4 Nc6 5. Qe3 d6 6. b3 Nf6 7. Bb2 Be7 8. O-O-O a6 9. f3 Ng4 10. Qd2 e5 11. h4 Nf6 12. g4 Be6 13. Nd5 Bxd5 14. exd5 Nd4 15. Bxd4 exd4 16. Qxd4 Rc8 17. g5 O-O 18. Bd3 Nh5 19. Ne2 g6 20. f4 Qa5 21. Kb1 Bd8 22. b4 Qb6 23. f5 Qxd4 24. Nxd4 Bb6 25. Ne2 Rfe8 26. f6 Re3 27. Rh2 Rf3 28. c4 Rf2 29. Rxf2 Bxf2 30. Nc3 Bxh4 31. Ne4 Rd8 32. Rh1 Bg3 33. Rxh5 gxh5 34. Nxg3 Re8 35. Nf5 Re5 36. Nxd6 h4 37. Ne4 h3 38. Nf2 Kf8 39. Nxh3 Re3 40. Bf5 Rc3 41. c5 Ke8 42. Kb2 Rf3 43. Bc8 Kd8 44. Bxb7 Rxh3 45. d6 a5 46. c6 1-0

[Event "Bünde - Oberhausen"]
[Site "?"]
[Date "2024.02.18"]
[Round "6.5"]
[White "Ciornei, Dragos"]
[Black "Moradi Kahlou, Benjamin"]
[Result "1-0"]
[WhiteElo "2062"]
[BlackElo "2060"]
[PlyCount "73"]
[EventDate "2024.??.??"]
[SourceVersionDate "2023.09.04"]

1. e4 e5 2. Nf3 Nc6 3. d4 exd4 4. Nxd4 Nf6 5. Nxc6 bxc6 6. e5 Qe7 7. Qe2 Nd5 8. c4 Ba6 9. Nd2 g6 10. b3 Bg7 11. Bb2 O-O 12. O-O-O Nb6 13. h4 Rfe8 14. f4 d5 15. h5 Rab8 16. hxg6 hxg6 17. Qf3 dxc4 18. Ne4 Nd5 19. Qh3 Qb4 20. Nf6+ Kf8 21. Nd7+ Ke7 22. Nxb8 Rxb8 23. Qh4+ Kf8 24. f5 gxf5 25. Bxc4 Bxc4 26. Qxc4 Qxc4+ 27. bxc4 Ne3 28. Rd7 Nxc4 29. Bc3 Nxe5 30. Rxc7 Nd3+ 31. Kd2 Nb4 32. Bxg7+ Kxg7 33. Rxa7 Nd5 34. Ke2 Rb2+ 35. Kf3 Kf6 36. Rh6+ Kg5 37. Rxc6 1-0

[Event "Bünde - Oberhausen"]
[Site "?"]
[Date "2024.02.18"]
[Round "6.6"]
[White "Altenbernd, Jannis-Domenik"]
[Black "Nissen, Claus"]
[Result "1/2-1/2"]
[WhiteElo "1975"]
[BlackElo "2125"]
[PlyCount "81"]
[EventDate "2024.??.??"]
[SourceVersionDate "2023.09.04"]

1. d4 d5 2. c4 dxc4 3. Nc3 e5 4. d5 Nf6 5. e4 b5 6. f3 b4 7. Nce2 c6 8. Bg5 cxd5 9. Bxf6 gxf6 10. exd5 Bb7 11. Qa4+ Qd7 12. Qxd7+ Nxd7 13. O-O-O Nb6 14. Ng3 Bxd5 15. Nf5 O-O-O 16. Ne2 Bc5 17. Neg3 Be6 18. Be2 Kc7 19. Ng7 Rhg8 20. N7h5 Be7 21. f4 exf4 22. Nxf4 Bd6 23. Rhf1 Be5 24. Ngh5 Rxd1+ 25. Rxd1 Na4 26. Nxe6+ fxe6 27. Bxc4 Bxb2+ 28. Kc2 Rxg2+ 29. Kb3 Nb6 30. Bxe6 a5 31. Nf4 Rxh2 32. Nd5+ Nxd5 33. Rxd5 Be5 34. Rxa5 Bd6 35. Ra7+ Kc6 36. Rf7 Rh6 37. Bf5 Kd5 38. Rxh7 Rxh7 39. Bxh7 Ke5 40. Kc2 f5 41. Kd2 1/2-1/2

[Event "Bünde - Oberhausen"]
[Site "?"]
[Date "2024.02.18"]
[Round "6.7"]
[White "Krueger, Andre"]
[Black "Gudath, Reiner"]
[Result "1-0"]
[WhiteElo "1961"]
[BlackElo "1947"]
[PlyCount "69"]
[EventDate "2024.??.??"]
[SourceVersionDate "2023.09.04"]

1. c4 Nf6 2. Nf3 c5 3. g3 g6 4. Bg2 Bg7 5. O-O O-O 6. Nc3 d5 7. d3 d4 8. Na4 Nfd7 9. a3 Nc6 10. Rb1 a5 11. e3 e5 12. exd4 exd4 13. Re1 Re8 14. Bf4 Bf8 15. Qd2 Ra6 16. Rxe8 Qxe8 17. Re1 Qd8 18. Qe2 Ne7 19. Nd2 Re6 20. Qd1 Rxe1+ 21. Qxe1 Nf5 22. Ne4 b6 23. Bh3 Ng7 24. Bg5 Qc7 25. Bxd7 Bxd7 26. Nf6+ Kh8 27. Nxd7 Qxd7 28. Nxb6 Qb7 29. Qxa5 Qf3 30. Qa8 Qd1+ 31. Kg2 Ne6 32. Bh6 Kg8 33. Nd7 Qh5 34. Nxf8 Qxh6 35. Nxe6+ 1-0

[Event "Krefeld - Bünde"]
[Site "?"]
[Date "2024.03.10"]
[Round "7.1"]
[White "Brunke, Pascal"]
[Black "Gutkin, Ilya"]
[Result "1-0"]
[WhiteElo "2267"]
[BlackElo "2306"]
[PlyCount "111"]
[EventDate "2024.??.??"]
[SourceVersionDate "2023.09.04"]

1. d4 e6 2. e4 d5 3. e5 c5 4. c3 Nc6 5. Nf3 Nh6 6. Bd3 Nf5 7. dxc5 Bxc5 8. O-O O-O 9. a4 h6 10. b4 Bb6 11. Re1 a6 12. Qb3 Nh4 13. Nbd2 Nxf3+ 14. Nxf3 f6 15. exf6 Rxf6 16. Be3 Bc7 17. b5 Na5 18. Qb4 Bd6 19. Qb1 Rxf3 20. gxf3 Qh4 21. f4 e5 22. f3 Bh3 23. Qa2 Nc4 24. Bxc4 dxc4 25. Qxc4+ Kh8 26. Qd5 exf4 27. Bd4 Rd8 28. Kh1 Be7 29. Qf7 Rxd4 30. Rxe7 Qg5 31. Qf8+ Kh7 32. Rxg7+ Qxg7 33. Qxg7+ Kxg7 34. cxd4 axb5 35. axb5 Be6 36. Kg2 Kf6 37. Re1 Bc4 38. Re5 Be6 39. Kf2 Bc4 40. Ke1 Kg6 41. Kd2 Bf1 42. b6 Kf6 43. Ra5 Bc4 44. Rc5 Ba6 45. Rc7 Ke6 46. Kc3 h5 47. h4 Kd6 48. Rf7 Kc6 49. Rf6+ Kb5 50. Re6 Ka5 51. d5 Bb5 52. Kd4 Kb4 53. Rf6 Ka5 54. Kc5 Ba4 55. Rxf4 Ka6 56. Rxa4# 1-0

[Event "Krefeld - Bünde"]
[Site "?"]
[Date "2024.03.10"]
[Round "7.2"]
[White "Ricken, Katharina"]
[Black "Pieper-Emden, Carsten"]
[Result "1/2-1/2"]
[WhiteElo "2204"]
[BlackElo "2241"]
[PlyCount "22"]
[EventDate "2024.??.??"]
[SourceVersionDate "2023.09.04"]

1. Nf3 d5 2. g3 Nf6 3. Bg2 c6 4. c4 Bf5 5. Qb3 Qb6 6. d3 e6 7. Nc3 Nbd7 8. Be3 Bc5 9. Qxb6 axb6 10. Bxc5 bxc5 11. O-O O-O 1/2-1/2

[Event "Krefeld - Bünde"]
[Site "?"]
[Date "2024.03.10"]
[Round "7.3"]
[White "Brunke, Christian"]
[Black "Hopman, Pieter"]
[Result "1/2-1/2"]
[WhiteElo "2142"]
[BlackElo "2297"]
[PlyCount "30"]
[EventDate "2024.??.??"]
[SourceVersionDate "2023.09.04"]

1. e4 e5 2. Nf3 Nc6 3. Bc4 Nf6 4. d3 Bc5 5. c3 d6 6. Nbd2 a6 7. a4 O-O 8. Nf1 Ne7 9. Ng3 Ng6 10. O-O Ba7 11. h3 h6 12. Re1 c6 13. d4 exd4 14. Nxd4 d5 15. exd5 Nxd5 1/2-1/2

[Event "Krefeld - Bünde"]
[Site "?"]
[Date "2024.03.10"]
[Round "7.4"]
[White "Kabos, Tobias"]
[Black "Brosig, Boris"]
[Result "1-0"]
[WhiteElo "2288"]
[BlackElo "2222"]
[PlyCount "77"]
[EventDate "2024.??.??"]
[SourceVersionDate "2023.09.04"]

1. e4 c5 2. Nf3 e6 3. g3 Nc6 4. Bg2 d6 5. O-O g6 6. d4 cxd4 7. Nxd4 a6 8. Nxc6 bxc6 9. e5 d5 10. Be3 Ne7 11. f4 Nf5 12. Bf2 h5 13. Nd2 a5 14. c4 Rb8 15. Qc2 Be7 16. Rad1 O-O 17. Nf3 Ba6 18. b3 Kg7 19. h3 Rh8 20. Rfe1 Rc8 21. c5 Rb8 22. Nd4 Nxd4 23. Bxd4 Qc7 24. Bf3 Qa7 25. Kg2 Rb5 26. Rc1 Rb4 27. Qd2 Qb8 28. g4 Bh4 29. Red1 hxg4 30. hxg4 g5 31. Rh1 gxf4 32. Bc3 Rb5 33. Qxf4 Qd8 34. Bd2 Rb4 35. Bxb4 axb4 36. Qxb4 d4 37. Rcd1 d3 38. Qf4 Rg8 39. Rxh4 1-0

[Event "Krefeld - Bünde"]
[Site "?"]
[Date "2024.03.10"]
[Round "7.5"]
[White "Moradi Kahlou, Benjamin"]
[Black "Van Mil, Lucas"]
[Result "1/2-1/2"]
[WhiteElo "2050"]
[BlackElo "2152"]
[PlyCount "73"]
[EventDate "2024.??.??"]
[SourceVersionDate "2023.09.04"]

1. c4 Nf6 2. g3 e6 3. Bg2 d5 4. Nf3 Be7 5. O-O O-O 6. b3 b6 7. Bb2 Bb7 8. d4 c5 9. cxd5 exd5 10. Nbd2 Nc6 11. Rc1 Re8 12. dxc5 Bxc5 13. a3 a5 14. Nb1 Qe7 15. Nd4 Nxd4 16. Bxd4 Rac8 17. e3 Ne4 18. Qd3 Qe6 19. a4 Qf5 20. Nc3 Nxg3 21. Qxf5 Nxf5 22. Bh3 Bxd4 23. exd4 g6 24. Bxf5 gxf5 25. Rfd1 Re6 26. Nb5 Rxc1 27. Rxc1 Ba6 28. Nc7 Rg6+ 29. Kh1 Be2 30. Rc3 Bf1 31. Rg3 Rxg3 32. hxg3 Bd3 33. f3 Bc2 34. Nxd5 Bxb3 35. Nxb6 Kf8 36. Nd7+ Ke7 37. Nc5 1/2-1/2

[Event "Krefeld - Bünde"]
[Site "?"]
[Date "2024.03.10"]
[Round "7.6"]
[White "Panjer, Sidney"]
[Black "Altenbernd, Jannis-Domenik"]
[Result "0-1"]
[WhiteElo "2092"]
[BlackElo "1987"]
[PlyCount "36"]
[EventDate "2024.??.??"]
[SourceVersionDate "2023.09.04"]

1. Nf3 c5 2. c4 Nc6 3. g3 g6 4. Bg2 Bg7 5. O-O d6 6. Nc3 Nf6 7. d4 cxd4 8. Nxd4 Bd7 9. Nc2 O-O 10. Ne3 Rc8 11. b3 Ng4 12. Qd2 Nxe3 13. Qxe3 b5 14. Bb2 bxc4 15. Rfc1 cxb3 16. axb3 Qb6 17. Qxb6 axb6 18. Ra6 Nd4 0-1

[Event "Krefeld - Bünde"]
[Site "?"]
[Date "2024.03.10"]
[Round "7.7"]
[White "Gudath, Reiner"]
[Black "van der Valk, Niklas"]
[Result "1/2-1/2"]
[WhiteElo "1962"]
[BlackElo "2093"]
[PlyCount "68"]
[EventDate "2024.??.??"]
[SourceVersionDate "2023.09.04"]

1. c4 c5 2. g3 g6 3. Bg2 Bg7 4. Nf3 Nc6 5. Nc3 e6 6. e3 Nge7 7. O-O O-O 8. d4 cxd4 9. Nxd4 Nxd4 10. exd4 d5 11. cxd5 Nxd5 12. Nxd5 exd5 13. Be3 Be6 14. Qb3 Qd7 15. Rac1 Rfc8 16. Qa3 a6 17. b3 Bf8 18. Qb2 Qb5 19. Rxc8 Rxc8 20. Rc1 Rxc1+ 21. Qxc1 Qa5 22. Qd2 Bb4 23. Qe2 Bc3 24. h3 Qb4 25. Qd1 Bb2 26. g4 Qc3 27. Bf1 Ba3 28. Bd3 Bd6 29. Kg2 Qc7 30. Qc2 Qe7 31. Qd2 Bb4 32. Qc1 Ba3 33. Qd2 Bb4 34. Qc1 Ba3 1/2-1/2

[Event "Godesberg - Düsseldorf 2"]
[Site "?"]
[Date "2024.03.10"]
[Round "7.1"]
[White "De Gleria, Francesco"]
[Black "Grabowski, Pawel"]
[Result "1-0"]
[WhiteElo "2374"]
[BlackElo "2245"]
[PlyCount "55"]
[EventDate "2024.??.??"]
[SourceVersionDate "2023.09.04"]

1. d4 Nf6 2. Bf4 g6 3. Nc3 b6 4. e4 Bb7 5. Bd3 e6 6. Nf3 Bb4 7. e5 Nd5 8. Bd2 Nxc3 9. bxc3 Be7 10. Bh6 d6 11. Qe2 Nd7 12. Rd1 Rg8 13. h4 Qc8 14. O-O a6 15. exd6 cxd6 16. Ng5 Bxg5 17. Bxg5 Qxc3 18. Bc4 d5 19. Bb3 a5 20. Ba4 Ba6 21. Qe5 b5 22. Qd6 Qb4 23. Qc6 Rb8 24. Rb1 Qxd4 25. Qxa6 h6 26. Rxb5 Qxa4 27. Rxb8+ Nxb8 28. Qc8# 1-0

[Event "Godesberg - Düsseldorf 2"]
[Site "?"]
[Date "2024.03.10"]
[Round "7.2"]
[White "Seger, Ruediger"]
[Black "Hoenig, Alexander"]
[Result "1/2-1/2"]
[WhiteElo "2269"]
[BlackElo "2167"]
[PlyCount "70"]
[EventDate "2024.??.??"]
[SourceVersionDate "2023.09.04"]

1. e4 c6 2. d4 d5 3. Nd2 g6 4. Ngf3 Bg4 5. c3 Nf6 6. h3 Bxf3 7. Qxf3 e6 8. Bd3 Be7 9. O-O O-O 10. Re1 Re8 11. g3 dxe4 12. Nxe4 Nxe4 13. Rxe4 Nd7 14. h4 Nf6 15. Re5 h5 16. Bd2 Ng4 17. Re4 Nf6 18. Rf4 Rf8 19. c4 Ng4 20. Bc3 Qd7 21. Re1 Rad8 22. Bf1 f5 23. Qe2 Bd6 24. Rf3 Rfe8 25. Rd3 Bf8 26. Red1 Bg7 27. Bg2 Qf7 28. f3 Nf6 29. f4 Rd7 30. Bf3 Ng4 31. b4 Bf6 32. a4 a6 33. a5 Qg7 34. Kg2 Kh7 35. Bxg4 hxg4 1/2-1/2

[Event "Godesberg - Düsseldorf 2"]
[Site "?"]
[Date "2024.03.10"]
[Round "7.3"]
[White "von Buenau, Heinrich"]
[Black "Koehler, Christian Friedrich"]
[Result "1/2-1/2"]
[WhiteElo "2177"]
[BlackElo "2209"]
[PlyCount "101"]
[EventDate "2024.??.??"]
[SourceVersionDate "2023.09.04"]

1. Nf3 f5 2. b3 Nf6 3. Bb2 e6 4. g3 b6 5. Bg2 Bb7 6. O-O Be7 7. d3 O-O 8. Nbd2 Qe8 9. e4 fxe4 10. Ng5 Nc6 11. Ngxe4 Nxe4 12. Nxe4 d5 13. Qg4 Qg6 14. Qxg6 hxg6 15. Nd2 Bf6 16. Bxf6 gxf6 17. Rfe1 Kf7 18. f4 Nd4 19. Rac1 c5 20. Nf3 Nc6 21. Re2 Rfe8 22. Rce1 Re7 23. g4 Rae8 24. g5 e5 25. gxf6 Kxf6 26. fxe5+ Nxe5 27. Nxe5 Rxe5 28. Rf2+ Kg7 29. Rxe5 Rxe5 30. Kf1 Bc8 31. Re2 Kf6 32. Rf2+ Ke7 33. Re2 Kd6 34. Bf3 Bh3+ 35. Kf2 Bf5 36. Re3 b5 37. Be2 b4 38. Rg3 Re6 39. Bg4 Bxg4 40. Rxg4 d4 41. Rg5 Kc6 42. Rg2 Kb5 43. Kf3 a5 44. Re2 Rf6+ 45. Kg2 a4 46. Re8 a3 47. Re5 Kc6 48. Rg5 Kb5 49. Kg1 Kc6 50. Kg2 Kb5 51. Kg1 1/2-1/2

[Event "Godesberg - Düsseldorf 2"]
[Site "?"]
[Date "2024.03.10"]
[Round "7.4"]
[White "Wigger, Jochen"]
[Black "Mueller, Michael"]
[Result "1-0"]
[WhiteElo "2308"]
[BlackElo "2181"]
[PlyCount "75"]
[EventDate "2024.??.??"]
[SourceVersionDate "2023.09.04"]

1. Nf3 e6 2. g3 b5 3. Bg2 Bb7 4. d4 Nf6 5. a4 b4 6. c4 d6 7. O-O Nbd7 8. b3 g6 9. Bb2 Bg7 10. Nbd2 O-O 11. Qc2 c5 12. e4 cxd4 13. Bxd4 Qa5 14. Rad1 Rac8 15. Qb1 Rfd8 16. Rfe1 Nc5 17. h3 Nfd7 18. Nf1 Ne5 19. N3h2 Qb6 20. Ne3 f5 21. f4 Nf7 22. Bxg7 Kxg7 23. Qb2+ Kg8 24. exf5 gxf5 25. g4 Ne4 26. gxf5 exf5 27. Bxe4 Bxe4 28. Kf2 d5 29. Nf3 Bxf3 30. Kxf3 Qh6 31. Rg1+ Kf8 32. Nxd5 Qxh3+ 33. Kf2 Qh4+ 34. Rg3 Qh2+ 35. Rg2 Qh4+ 36. Kg1 Rxd5 37. Qg7+ Ke7 38. Re2+ 1-0

[Event "Godesberg - Düsseldorf 2"]
[Site "?"]
[Date "2024.03.10"]
[Round "7.5"]
[White "Wiedenbruch, Paul"]
[Black "Rybarczyk, Klaus"]
[Result "0-1"]
[WhiteElo "2011"]
[BlackElo "2122"]
[PlyCount "62"]
[EventDate "2024.??.??"]
[SourceVersionDate "2023.09.04"]

1. e4 g6 2. d4 d6 3. Nc3 Nf6 4. Be3 c6 5. f3 b5 6. a3 Nbd7 7. Qd2 Qc7 8. h4 Nb6 9. O-O-O a5 10. g4 h5 11. g5 Nfd7 12. f4 Bg7 13. e5 b4 14. Ne4 O-O 15. exd6 exd6 16. f5 Re8 17. Bd3 Nd5 18. fxg6 fxg6 19. Nf6+ Bxf6 20. gxf6 Rxe3 21. Bc4 Rg3 22. Ne2 Rg4 23. Rdf1 Kh7 24. Nf4 N7xf6 25. Nxg6 Kxg6 26. Rhg1 Rxg1 27. Rxg1+ Bg4 28. Qg5+ Kh7 29. Bd3+ Kh8 30. Qh6+ Kg8 31. Bc4 Qg7 0-1

[Event "Godesberg - Düsseldorf 2"]
[Site "?"]
[Date "2024.03.10"]
[Round "7.6"]
[White "Broehl, Stephan"]
[Black "Berndt, Axel"]
[Result "1/2-1/2"]
[WhiteElo "2144"]
[BlackElo "2100"]
[PlyCount "23"]
[EventDate "2024.??.??"]
[SourceVersionDate "2023.09.04"]

1. e4 Nf6 2. Nc3 d5 3. e5 Ne4 4. Nce2 f6 5. d3 Ng5 6. f4 Nf7 7. d4 c5 8. c3 cxd4 9. cxd4 Nc6 10. g3 fxe5 11. fxe5 Bf5 12. Bg2 1/2-1/2

[Event "Godesberg - Düsseldorf 2"]
[Site "?"]
[Date "2024.03.10"]
[Round "7.7"]
[White "Zimmermann, Rolf"]
[Black "Stenzel, Thomas"]
[Result "1-0"]
[WhiteElo "2094"]
[BlackElo "2175"]
[PlyCount "155"]
[EventDate "2024.??.??"]
[SourceVersionDate "2023.09.04"]

1. d4 d5 2. c4 Nc6 3. cxd5 Qxd5 4. e3 e5 5. Nc3 Bb4 6. Bd2 Bxc3 7. bxc3 Qd6 8. Bb5 Nge7 9. Ne2 O-O 10. O-O Kh8 11. f4 exf4 12. Nxf4 Bf5 13. Nh5 a6 14. Be2 Rad8 15. Ng3 Bg6 16. Qc1 f5 17. Bf3 Nd5 18. e4 fxe4 19. Nxe4 Bxe4 20. Bxe4 Rxf1+ 21. Qxf1 Rf8 22. Qd3 Nf4 23. Bxf4 Rxf4 24. g3 Rf6 25. Rb1 g6 26. Rxb7 Nd8 27. Rb8 Kg7 28. Rb2 Nf7 29. c4 Qe6 30. Bd5 Qe1+ 31. Kg2 c6 32. Bxf7 Rxf7 33. d5 Qe5 34. Rd2 c5 35. Qe2 Qf5 36. Rd3 Qg5 37. h4 Qc1 38. Rd1 Qc3 39. Re1 Rb7 40. Kh3 a5 41. Qe5+ Qxe5 42. Rxe5 Rb6 43. Re7+ Kf6 44. Rc7 Rb2 45. Rxc5 Rxa2 46. Rc7 a4 47. Rxh7 Rc2 48. Rc7 a3 49. Rc6+ Kf5 50. Ra6 a2 51. d6 Ke6 52. c5 Rxc5 53. Rxa2 Rd5 54. Ra6 Kf5 55. d7 Rxd7 56. g4+ Kf4 57. Rf6+ Ke4 58. Rxg6 Rd3+ 59. Kg2 Rd2+ 60. Kf1 Kf3 61. Ke1 Re2+ 62. Kd1 Rh2 63. h5 Ke3 64. h6 Kd3 65. Kc1 Kc3 66. Kb1 Rh1+ 67. Ka2 Rh2+ 68. Ka3 Rh1 69. Ka4 Kc4 70. Ka5 Kc5 71. Ka6 Kd5 72. g5 Ke5 73. Rg7 Ra1+ 74. Kb7 Rb1+ 75. Kc6 Rc1+ 76. Kb5 Rh1 77. h7 Rh5 78. Kc4 1-0